000 00298nam a22001217a 4500
082 _a823
_bCAR/N
100 _aKEENEE, CAROLYN
245 _aNANCY DREW AND HARDY BOYS - SUPER MYSTERY
260 _aNEWYORK
_bPOCKET BOOKS
_c1997
300 _a153
650 _aENGLISH STORY
_zUNITED STATES
942 _cBK
999 _c7290
_d7290